00854cam a2200229 a 450000100100000000500170001000800410002702000150006804000300008304100350011308200170014810000210016524000380018624501260022426000620035030000210041250400480043353400560048165000250053765000300056270000320059200001507220200929163939.0960702s1977 txu 000 0 spa  a0311057632 aDO-SdBNPbspacDLCdBNPHU17aspaheng2Código idioma Marc a283.9bC874m1 aCowan, Marvin W.10aMormon Claims AnsweredlEspañol14aLos mormones :bsus doctrinas refutadas a la luz de la Biblia /cMarvin W. Cowan ; traducción de Tomás de la Fuentes. a[El Paso, Texa] :bCasa Bautista de Publicaciones,c1977. a159 p. ;c21 cm. aIncluye referencias bibliográfica (p.159) aTítulo original inglés:tMormon Claims Answered 4aMormonismoxHistoria 4aIglesia mormonaxHistoria1 aFuentes, Tomás de laetr.